000 00720nam a22001937a 4500
999 _c19548
_d19548
003 AR-CdUCM
008 190517b ||||| |||| 00| 0 spa d
040 _aMUNICIPALIDAD PROVINCIAL DEL CUSCO
_cBIBLIOTECA MUNICIPAL DEL CUSCO
082 _a858.9 /
_bP84
100 _aPratolini, Vasco
_935327
245 _aLas muchachas de Sanfrediano /
260 _aBuenos Aires ;
_bSiglo veinte,
_c1963.
300 _a175 páginas ;
_c20 cm.
505 _aContenido: El barrio de los pillos -- Tosca tosquita -- Las herramientas del oficio -- El joven de las hermosas pestañas -- Buen trabajo, Bob ...
650 _aNovela
_95
700 _aClementi, José (traductor)
_939080
942 _2ddc
_cLIBROS
945 _aacv
_d2019-05-17